| 000 | 00865nam a22002537a 4500 | ||
|---|---|---|---|
| 001 | BR8702789 | ||
| 003 | BR-BrBNA | ||
| 005 | 20230928092532.0 | ||
| 007 | ta | ||
| 008 | 230509b bl.||||| |||| 00| 0 por d | ||
| 040 |
_aBR-BrBNA _bpor _cBiblioteca Nacional de Agricultura |
||
| 041 | _a(Por) | ||
| 072 |
_aM11 _b/G514 |
||
| 090 | _ M11 BR8702789 | ||
| 110 | 1 |
_aAssociacao de Credito e Assistencia Pesqueira de Santa Catarina, Florianopolis (Brasil) _9414 |
|
| 245 | 1 | _aPrograma de fomento a pesca artesanal em Santa Catarina atraves de condominios de producao e venda de pescado [Brasil] | |
| 260 | 3 |
_aFlorianopolis, SC (Brasil): _c1985. |
|
| 300 | _a14 p. | ||
| 500 | _a(*) Documento disponível no(a) CEAGRI, Florianopolis, SC (Brazil) | ||
| 650 | _aPESCA ARTESANAL | ||
| 650 | _aSANTA CATARINA | ||
| 909 |
_a202309 _bLucia _c55 _dLucia Elande |
||
| 942 | _cBK | ||
| 999 |
_c39662 _d39662 |
||